Advanced mechanics of Materials (Record no. 610740)
[ view plain ]
| 000 -LEADER | |
|---|---|
| fixed length control field | 00434nam a22001577a 4500 |
| 020 ## - INTERNATIONAL STANDARD BOOK NUMBER | |
| International Standard Book Number | 9814126802 |
| 040 ## - CATALOGING SOURCE | |
| Transcribing agency | Nust |
| 082 ## - DEWEY DECIMAL CLASSIFICATION NUMBER | |
| Classification number | 62.112 |
| Author Mark | BOR |
| 100 ## - MAIN ENTRY--PERSONAL NAME | |
| Personal name | Arthur P. Boresi |
| 9 (RLIN) | 13407 |
| 110 ## - MAIN ENTRY--CORPORATE NAME | |
| Corporate name or jurisdiction name as entry element | Richard J. Schmidt |
| 9 (RLIN) | 124073 |
| 245 ## - TITLE STATEMENT | |
| Title | Advanced mechanics of Materials |
| 250 ## - EDITION STATEMENT | |
| Edition statement | 6th Edition |
| 260 ## - PUBLICATION, DISTRIBUTION, ETC. | |
| Place of publication, distribution, etc. | New York: |
| Name of publisher, distributor, etc. | John Wiley and sons Inc, |
| Date of publication, distribution, etc. | 2003. |
| 650 ## - SUBJECT ADDED ENTRY--TOPICAL TERM | |
| Topical term or geographic name entry element | Advanced mechanics of Materials |
| 9 (RLIN) | 114234 |
| 942 ## - ADDED ENTRY ELEMENTS (KOHA) | |
| Source of classification or shelving scheme | |
| Koha item type | Book |
| Withdrawn status | Lost status | Source of classification or shelving scheme | Damaged status | Not for loan | Permanent Location | Current Location | Shelving location | Date acquired | Total Checkouts | Full call number | Barcode | Checked out | Date last seen | Date last checked out | Price effective from | Koha item type |
|---|---|---|---|---|---|---|---|---|---|---|---|---|---|---|---|---|
| College of Electrical & Mechanical Engineering (CEME) | College of Electrical & Mechanical Engineering (CEME) | General Stacks | 08/02/2024 | 1 | 62.112 BOR | CEME- 39256 | 02/20/2026 | 01/21/2026 | 01/21/2026 | 08/02/2024 | Book |
